<?xml version="1.0" encoding="UTF-8"?>
<record
    xmlns:xsi="http://www.w3.org/2001/XMLSchema-instance"
    xsi:schemaLocation="http://www.loc.gov/MARC21/slim http://www.loc.gov/standards/marcxml/schema/MARC21slim.xsd"
    xmlns="http://www.loc.gov/MARC21/slim">

  <leader>004480000a22001930004500</leader>
  <datafield tag="082" ind1=" " ind2=" ">
    <subfield code="a">631.3 MIC/PR</subfield>
  </datafield>
  <datafield tag="100" ind1=" " ind2=" ">
    <subfield code="a">MICHAEL, A M</subfield>
    <subfield code="f">Author</subfield>
  </datafield>
  <datafield tag="100" ind1=" " ind2=" ">
    <subfield code="a">OJHA, T P</subfield>
    <subfield code="f">Author</subfield>
  </datafield>
  <datafield tag="245" ind1=" " ind2=" ">
    <subfield code="a">PRINCIPLES OF AGRICULTURAL ENGINEERING:V-2</subfield>
  </datafield>
  <datafield tag="250" ind1=" " ind2=" ">
    <subfield code="a">3</subfield>
  </datafield>
  <datafield tag="260" ind1=" " ind2=" ">
    <subfield code="a">NEW DELHI, JAIN BROTHERS</subfield>
  </datafield>
  <datafield tag="260" ind1=" " ind2=" ">
    <subfield code="c">1997</subfield>
  </datafield>
  <datafield tag="300" ind1=" " ind2=" ">
    <subfield code="a">pages 888</subfield>
  </datafield>
  <datafield tag="650" ind1=" " ind2=" ">
    <subfield code="a">DRAINAGE</subfield>
  </datafield>
  <datafield tag="650" ind1=" " ind2=" ">
    <subfield code="a">IRRIGATION</subfield>
  </datafield>
  <datafield tag="650" ind1=" " ind2=" ">
    <subfield code="a">SOIL</subfield>
  </datafield>
  <datafield tag="650" ind1=" " ind2=" ">
    <subfield code="a">SOIL CONSERVATION</subfield>
  </datafield>
  <datafield tag="942" ind1=" " ind2=" ">
    <subfield code="c">BK</subfield>
  </datafield>
  <datafield tag="999" ind1=" " ind2=" ">
    <subfield code="c">295780</subfield>
    <subfield code="d">295780</subfield>
  </datafield>
  <datafield tag="952" ind1=" " ind2=" ">
    <subfield code="0">0</subfield>
    <subfield code="1">0</subfield>
    <subfield code="4">0</subfield>
    <subfield code="7">0</subfield>
    <subfield code="a">KAUCOAP</subfield>
    <subfield code="b">KAUCOAP</subfield>
    <subfield code="d">2013-07-24</subfield>
    <subfield code="l">0</subfield>
    <subfield code="o">631.3 MIC/PR</subfield>
    <subfield code="p">KAU_COAP-01005</subfield>
    <subfield code="r">2013-07-24 00:00:00</subfield>
    <subfield code="w">2013-07-24</subfield>
    <subfield code="y">BK</subfield>
  </datafield>
  <datafield tag="952" ind1=" " ind2=" ">
    <subfield code="0">0</subfield>
    <subfield code="1">0</subfield>
    <subfield code="4">0</subfield>
    <subfield code="7">0</subfield>
    <subfield code="a">KAUCOAP</subfield>
    <subfield code="b">KAUCOAP</subfield>
    <subfield code="d">2013-07-24</subfield>
    <subfield code="l">0</subfield>
    <subfield code="o">631.3 MIC/PR</subfield>
    <subfield code="p">KAU_COAP-01456</subfield>
    <subfield code="r">2013-07-24 00:00:00</subfield>
    <subfield code="w">2018-06-11</subfield>
    <subfield code="y">BK</subfield>
  </datafield>
  <datafield tag="952" ind1=" " ind2=" ">
    <subfield code="0">0</subfield>
    <subfield code="1">0</subfield>
    <subfield code="4">0</subfield>
    <subfield code="7">0</subfield>
    <subfield code="a">KAUCOAP</subfield>
    <subfield code="b">KAUCOAP</subfield>
    <subfield code="d">2013-07-24</subfield>
    <subfield code="l">2</subfield>
    <subfield code="m">1</subfield>
    <subfield code="o">631.3 MIC/PR</subfield>
    <subfield code="p">KAU_COAP-02643</subfield>
    <subfield code="r">2023-01-25 00:00:00</subfield>
    <subfield code="s">2023-01-09</subfield>
    <subfield code="w">2018-06-11</subfield>
    <subfield code="y">BK</subfield>
  </datafield>
  <datafield tag="952" ind1=" " ind2=" ">
    <subfield code="0">0</subfield>
    <subfield code="1">0</subfield>
    <subfield code="4">0</subfield>
    <subfield code="7">0</subfield>
    <subfield code="a">KAUCOAP</subfield>
    <subfield code="b">KAUCOAP</subfield>
    <subfield code="d">2013-07-24</subfield>
    <subfield code="l">1</subfield>
    <subfield code="o">631.3 MIC/PR</subfield>
    <subfield code="p">KAU_COAP-02644</subfield>
    <subfield code="r">2019-02-26 00:00:00</subfield>
    <subfield code="s">2018-12-27</subfield>
    <subfield code="w">2018-06-11</subfield>
    <subfield code="y">BK</subfield>
  </datafield>
  <datafield tag="952" ind1=" " ind2=" ">
    <subfield code="0">0</subfield>
    <subfield code="1">0</subfield>
    <subfield code="4">0</subfield>
    <subfield code="7">0</subfield>
    <subfield code="a">KAUCOAP</subfield>
    <subfield code="b">KAUCOAP</subfield>
    <subfield code="d">2013-07-24</subfield>
    <subfield code="l">0</subfield>
    <subfield code="o">631.3 MIC/PR</subfield>
    <subfield code="p">KAU_COAP-05977</subfield>
    <subfield code="r">2013-07-24 00:00:00</subfield>
    <subfield code="w">2018-06-11</subfield>
    <subfield code="y">BK</subfield>
  </datafield>
  <datafield tag="952" ind1=" " ind2=" ">
    <subfield code="0">0</subfield>
    <subfield code="1">0</subfield>
    <subfield code="4">0</subfield>
    <subfield code="7">0</subfield>
    <subfield code="a">KAUCOAP</subfield>
    <subfield code="b">KAUCOAP</subfield>
    <subfield code="d">2013-07-24</subfield>
    <subfield code="l">0</subfield>
    <subfield code="o">631.3 MIC/PR</subfield>
    <subfield code="p">KAU_COAP-05978</subfield>
    <subfield code="r">2013-07-24 00:00:00</subfield>
    <subfield code="w">2018-06-11</subfield>
    <subfield code="y">BK</subfield>
  </datafield>
  <datafield tag="952" ind1=" " ind2=" ">
    <subfield code="0">0</subfield>
    <subfield code="1">0</subfield>
    <subfield code="4">0</subfield>
    <subfield code="7">0</subfield>
    <subfield code="a">KAUCOAP</subfield>
    <subfield code="b">KAUCOAP</subfield>
    <subfield code="d">2013-07-24</subfield>
    <subfield code="l">3</subfield>
    <subfield code="m">2</subfield>
    <subfield code="o">631.3 MIC/PR</subfield>
    <subfield code="p">KAU_COAP-05979</subfield>
    <subfield code="r">2020-02-25 00:00:00</subfield>
    <subfield code="s">2020-01-10</subfield>
    <subfield code="w">2018-06-11</subfield>
    <subfield code="y">BK</subfield>
  </datafield>
  <datafield tag="952" ind1=" " ind2=" ">
    <subfield code="0">0</subfield>
    <subfield code="1">0</subfield>
    <subfield code="4">0</subfield>
    <subfield code="7">0</subfield>
    <subfield code="a">KAUCOAP</subfield>
    <subfield code="b">KAUCOAP</subfield>
    <subfield code="c">REF</subfield>
    <subfield code="d">2013-07-24</subfield>
    <subfield code="l">0</subfield>
    <subfield code="o">631.3 MIC/PR</subfield>
    <subfield code="p">KAU_COAP-05980</subfield>
    <subfield code="r">2013-07-24 00:00:00</subfield>
    <subfield code="w">2018-06-11</subfield>
    <subfield code="y">REF</subfield>
  </datafield>
  <datafield tag="952" ind1=" " ind2=" ">
    <subfield code="0">0</subfield>
    <subfield code="1">0</subfield>
    <subfield code="4">0</subfield>
    <subfield code="7">0</subfield>
    <subfield code="a">KAUCOAP</subfield>
    <subfield code="b">KAUCOAP</subfield>
    <subfield code="d">2013-07-24</subfield>
    <subfield code="l">2</subfield>
    <subfield code="m">1</subfield>
    <subfield code="o">631.3 MIC/PR</subfield>
    <subfield code="p">KAU_COAP-05982</subfield>
    <subfield code="r">2023-01-06 00:00:00</subfield>
    <subfield code="s">2022-12-03</subfield>
    <subfield code="w">2018-06-11</subfield>
    <subfield code="y">BK</subfield>
  </datafield>
  <datafield tag="952" ind1=" " ind2=" ">
    <subfield code="0">0</subfield>
    <subfield code="1">0</subfield>
    <subfield code="4">0</subfield>
    <subfield code="7">0</subfield>
    <subfield code="a">KAUCOAP</subfield>
    <subfield code="b">KAUCOAP</subfield>
    <subfield code="d">2013-07-24</subfield>
    <subfield code="l">0</subfield>
    <subfield code="o">631.3 MIC/PR</subfield>
    <subfield code="p">KAU_COAP-05984</subfield>
    <subfield code="r">2013-07-24 00:00:00</subfield>
    <subfield code="w">2018-06-11</subfield>
    <subfield code="y">BK</subfield>
  </datafield>
  <datafield tag="952" ind1=" " ind2=" ">
    <subfield code="0">0</subfield>
    <subfield code="1">0</subfield>
    <subfield code="4">0</subfield>
    <subfield code="7">0</subfield>
    <subfield code="a">KAUCOAP</subfield>
    <subfield code="b">KAUCOAP</subfield>
    <subfield code="d">2013-07-24</subfield>
    <subfield code="l">2</subfield>
    <subfield code="o">631.3 MIC/PR</subfield>
    <subfield code="p">KAU_COAP-05985</subfield>
    <subfield code="r">2023-02-10 00:00:00</subfield>
    <subfield code="s">2022-12-30</subfield>
    <subfield code="w">2018-06-11</subfield>
    <subfield code="y">BK</subfield>
  </datafield>
  <datafield tag="952" ind1=" " ind2=" ">
    <subfield code="0">0</subfield>
    <subfield code="1">0</subfield>
    <subfield code="4">0</subfield>
    <subfield code="7">0</subfield>
    <subfield code="a">KAUCOAP</subfield>
    <subfield code="b">KAUCOAP</subfield>
    <subfield code="d">2013-07-24</subfield>
    <subfield code="l">0</subfield>
    <subfield code="o">631.3 MIC/PR</subfield>
    <subfield code="p">KAU_COAP-05986</subfield>
    <subfield code="r">2013-07-24 00:00:00</subfield>
    <subfield code="w">2018-06-11</subfield>
    <subfield code="y">BK</subfield>
  </datafield>
  <datafield tag="952" ind1=" " ind2=" ">
    <subfield code="0">0</subfield>
    <subfield code="1">0</subfield>
    <subfield code="4">0</subfield>
    <subfield code="7">0</subfield>
    <subfield code="a">KAUCOAP</subfield>
    <subfield code="b">KAUCOAP</subfield>
    <subfield code="d">2013-07-24</subfield>
    <subfield code="l">2</subfield>
    <subfield code="o">631.3 MIC/PR</subfield>
    <subfield code="p">KAU_COAP-07736</subfield>
    <subfield code="r">2023-05-26 00:00:00</subfield>
    <subfield code="s">2023-05-15</subfield>
    <subfield code="w">2018-06-11</subfield>
    <subfield code="y">BK</subfield>
  </datafield>
  <datafield tag="952" ind1=" " ind2=" ">
    <subfield code="0">0</subfield>
    <subfield code="1">0</subfield>
    <subfield code="4">0</subfield>
    <subfield code="7">0</subfield>
    <subfield code="a">KAUCOAP</subfield>
    <subfield code="b">KAUCOAP</subfield>
    <subfield code="d">2013-07-24</subfield>
    <subfield code="l">0</subfield>
    <subfield code="o">631.3 MIC/PR</subfield>
    <subfield code="p">KAU_COAP-07737</subfield>
    <subfield code="r">2013-07-24 00:00:00</subfield>
    <subfield code="w">2018-06-11</subfield>
    <subfield code="y">BK</subfield>
  </datafield>
  <datafield tag="952" ind1=" " ind2=" ">
    <subfield code="0">0</subfield>
    <subfield code="1">0</subfield>
    <subfield code="4">0</subfield>
    <subfield code="7">0</subfield>
    <subfield code="a">KAUCOAP</subfield>
    <subfield code="b">KAUCOAP</subfield>
    <subfield code="d">2013-07-24</subfield>
    <subfield code="l">0</subfield>
    <subfield code="o">631.3 MIC/PR</subfield>
    <subfield code="p">KAU_COAP-07738</subfield>
    <subfield code="r">2013-07-24 00:00:00</subfield>
    <subfield code="w">2018-06-11</subfield>
    <subfield code="y">BK</subfield>
  </datafield>
  <datafield tag="952" ind1=" " ind2=" ">
    <subfield code="0">0</subfield>
    <subfield code="1">0</subfield>
    <subfield code="4">0</subfield>
    <subfield code="7">0</subfield>
    <subfield code="a">KAUCOAP</subfield>
    <subfield code="b">KAUCOAP</subfield>
    <subfield code="d">2013-07-24</subfield>
    <subfield code="l">1</subfield>
    <subfield code="o">631.3 MIC/PR</subfield>
    <subfield code="p">KAU_COAP-07739</subfield>
    <subfield code="r">2019-08-31 00:00:00</subfield>
    <subfield code="s">2019-08-16</subfield>
    <subfield code="w">2018-06-11</subfield>
    <subfield code="y">BK</subfield>
  </datafield>
  <datafield tag="952" ind1=" " ind2=" ">
    <subfield code="0">0</subfield>
    <subfield code="1">0</subfield>
    <subfield code="4">0</subfield>
    <subfield code="7">0</subfield>
    <subfield code="a">KAUCOAP</subfield>
    <subfield code="b">KAUCOAP</subfield>
    <subfield code="d">2013-07-24</subfield>
    <subfield code="l">0</subfield>
    <subfield code="o">631.3 MIC/PR</subfield>
    <subfield code="p">KAU_COAP-07740</subfield>
    <subfield code="r">2013-07-24 00:00:00</subfield>
    <subfield code="w">2018-06-11</subfield>
    <subfield code="y">BK</subfield>
  </datafield>
  <datafield tag="952" ind1=" " ind2=" ">
    <subfield code="0">0</subfield>
    <subfield code="1">0</subfield>
    <subfield code="4">0</subfield>
    <subfield code="7">0</subfield>
    <subfield code="a">KAUCOAP</subfield>
    <subfield code="b">KAUCOAP</subfield>
    <subfield code="d">2013-07-24</subfield>
    <subfield code="l">0</subfield>
    <subfield code="o">631.3 MIC/PR</subfield>
    <subfield code="p">KAU_COAP-07741</subfield>
    <subfield code="r">2013-07-24 00:00:00</subfield>
    <subfield code="w">2018-06-11</subfield>
    <subfield code="y">BK</subfield>
  </datafield>
  <datafield tag="952" ind1=" " ind2=" ">
    <subfield code="0">0</subfield>
    <subfield code="1">0</subfield>
    <subfield code="4">0</subfield>
    <subfield code="7">0</subfield>
    <subfield code="a">KAUCOAP</subfield>
    <subfield code="b">KAUCOAP</subfield>
    <subfield code="d">2013-07-24</subfield>
    <subfield code="l">0</subfield>
    <subfield code="o">631.3 MIC/PR</subfield>
    <subfield code="p">KAU_COAP-07743</subfield>
    <subfield code="r">2013-07-24 00:00:00</subfield>
    <subfield code="w">2018-06-11</subfield>
    <subfield code="y">BK</subfield>
  </datafield>
  <datafield tag="952" ind1=" " ind2=" ">
    <subfield code="0">0</subfield>
    <subfield code="1">0</subfield>
    <subfield code="4">0</subfield>
    <subfield code="7">0</subfield>
    <subfield code="a">KAUCOAP</subfield>
    <subfield code="b">KAUCOAP</subfield>
    <subfield code="d">2013-07-24</subfield>
    <subfield code="l">2</subfield>
    <subfield code="o">631.3 MIC/PR</subfield>
    <subfield code="p">KAU_COAP-07744</subfield>
    <subfield code="r">2025-04-02 00:00:00</subfield>
    <subfield code="s">2023-06-15</subfield>
    <subfield code="w">2018-06-11</subfield>
    <subfield code="y">BK</subfield>
  </datafield>
  <datafield tag="952" ind1=" " ind2=" ">
    <subfield code="0">0</subfield>
    <subfield code="1">0</subfield>
    <subfield code="4">0</subfield>
    <subfield code="7">0</subfield>
    <subfield code="a">KAUCOAP</subfield>
    <subfield code="b">KAUCOAP</subfield>
    <subfield code="d">2013-07-24</subfield>
    <subfield code="l">1</subfield>
    <subfield code="o">631.3 MIC/PR</subfield>
    <subfield code="p">KAU_COAP-07745</subfield>
    <subfield code="r">2018-08-17 00:00:00</subfield>
    <subfield code="s">2018-08-14</subfield>
    <subfield code="w">2018-06-11</subfield>
    <subfield code="y">BK</subfield>
  </datafield>
  <datafield tag="952" ind1=" " ind2=" ">
    <subfield code="0">0</subfield>
    <subfield code="1">0</subfield>
    <subfield code="4">0</subfield>
    <subfield code="7">0</subfield>
    <subfield code="a">KAUCOAP</subfield>
    <subfield code="b">KAUCOAP</subfield>
    <subfield code="d">2013-07-24</subfield>
    <subfield code="l">0</subfield>
    <subfield code="o">631.3 MIC/PR</subfield>
    <subfield code="p">KAU_COAP-07746</subfield>
    <subfield code="r">2013-07-24 00:00:00</subfield>
    <subfield code="w">2018-06-11</subfield>
    <subfield code="y">BK</subfield>
  </datafield>
  <datafield tag="952" ind1=" " ind2=" ">
    <subfield code="0">0</subfield>
    <subfield code="1">0</subfield>
    <subfield code="4">0</subfield>
    <subfield code="7">0</subfield>
    <subfield code="a">KAUCOAP</subfield>
    <subfield code="b">KAUCOAP</subfield>
    <subfield code="d">2016-03-08</subfield>
    <subfield code="l">0</subfield>
    <subfield code="o">631.3 MIC/PR</subfield>
    <subfield code="p">KAU_COAP-02371</subfield>
    <subfield code="r">2016-03-08 00:00:00</subfield>
    <subfield code="w">2016-03-08</subfield>
    <subfield code="y">BBS</subfield>
  </datafield>
  <datafield tag="952" ind1=" " ind2=" ">
    <subfield code="0">0</subfield>
    <subfield code="1">0</subfield>
    <subfield code="4">0</subfield>
    <subfield code="7">0</subfield>
    <subfield code="a">KAUCOAP</subfield>
    <subfield code="b">KAUCOAP</subfield>
    <subfield code="d">2016-03-14</subfield>
    <subfield code="l">0</subfield>
    <subfield code="o">631.3 MIC/PR</subfield>
    <subfield code="p">KAU_COAP-02118</subfield>
    <subfield code="r">2016-03-14 00:00:00</subfield>
    <subfield code="w">2016-03-14</subfield>
    <subfield code="y">BBS</subfield>
  </datafield>
  <datafield tag="952" ind1=" " ind2=" ">
    <subfield code="0">0</subfield>
    <subfield code="1">0</subfield>
    <subfield code="2">ddc</subfield>
    <subfield code="4">0</subfield>
    <subfield code="7">0</subfield>
    <subfield code="a">KAUCOAP</subfield>
    <subfield code="b">KAUCOAP</subfield>
    <subfield code="d">2018-09-14</subfield>
    <subfield code="l">1</subfield>
    <subfield code="o">631.3 MIC/PR</subfield>
    <subfield code="p">KAU_COAP-02615</subfield>
    <subfield code="r">2023-02-06 00:00:00</subfield>
    <subfield code="s">2023-01-05</subfield>
    <subfield code="w">2018-09-14</subfield>
    <subfield code="y">BK</subfield>
  </datafield>
  <datafield tag="952" ind1=" " ind2=" ">
    <subfield code="0">0</subfield>
    <subfield code="1">0</subfield>
    <subfield code="2">ddc</subfield>
    <subfield code="4">0</subfield>
    <subfield code="7">0</subfield>
    <subfield code="a">KAUCOAP</subfield>
    <subfield code="b">KAUCOAP</subfield>
    <subfield code="d">2018-09-25</subfield>
    <subfield code="l">0</subfield>
    <subfield code="o">631.3 MIC/PR</subfield>
    <subfield code="p">KAU_COAP-05981</subfield>
    <subfield code="r">2018-09-25 00:00:00</subfield>
    <subfield code="w">2018-09-25</subfield>
    <subfield code="y">BK</subfield>
  </datafield>
  <datafield tag="952" ind1=" " ind2=" ">
    <subfield code="0">0</subfield>
    <subfield code="1">0</subfield>
    <subfield code="2">ddc</subfield>
    <subfield code="4">0</subfield>
    <subfield code="7">0</subfield>
    <subfield code="a">KAUCOAP</subfield>
    <subfield code="b">KAUCOAP</subfield>
    <subfield code="d">2018-09-25</subfield>
    <subfield code="l">0</subfield>
    <subfield code="o">631.3 MIC/PR</subfield>
    <subfield code="p">KAU_COAP-05983</subfield>
    <subfield code="r">2018-09-25 00:00:00</subfield>
    <subfield code="w">2018-09-25</subfield>
    <subfield code="y">BK</subfield>
  </datafield>
  <datafield tag="952" ind1=" " ind2=" ">
    <subfield code="0">0</subfield>
    <subfield code="1">0</subfield>
    <subfield code="2">ddc</subfield>
    <subfield code="4">0</subfield>
    <subfield code="7">0</subfield>
    <subfield code="a">KAUCOAP</subfield>
    <subfield code="b">KAUCOAP</subfield>
    <subfield code="d">2018-09-27</subfield>
    <subfield code="l">0</subfield>
    <subfield code="o">631.3 MIC/PR</subfield>
    <subfield code="p">KAU_COAP-07742</subfield>
    <subfield code="r">2018-09-27 00:00:00</subfield>
    <subfield code="w">2018-09-27</subfield>
    <subfield code="y">BK</subfield>
  </datafield>
</record>
